000
00298nam a22001337a 4500
008
170823b xxu||||| |||| 00| 0 eng d
020
_a
9780495011248
041
_a
eng
080
_2
2 ed
_a
51
100
_a
38
101
_a
mat
245
_a
A COMPANION CALCULUS
_c
EBERSOLE.S
942
_2
udc
_c
BK
999
_c
24676
_d
24676